Statistiques concernant đź“–âś’ "Le pont Mirabeau" Guillaume Apollinaire

Cliquez ici pour prendre le quiz!

Statistiques générales

  • Ce quiz a Ă©tĂ© pris 128 fois
  • Le rĂ©sultat moyen est 105 sur 147

Statistiques - réponses

Mots% Correct
l'
100%
L'
100%
Le
100%
le
100%
s'
100%
La
99%
la
99%
m'
99%
Mirabeau
96%
pont
96%
Pont
96%
Ă 
95%
coule
95%
Seine
94%
sous
93%
Sous
93%
Et
88%
et
88%
en
85%
amour
81%
il
80%
qu'
79%
de
77%
Les
77%
les
77%
nos
74%
vie
71%
amours
70%
je
70%
souvienne
70%
Faut-
67%
va
67%
nuit
65%
vont
65%
jours
64%
est
62%
Vienne
62%
que
61%
Des
60%
sonne
60%
toujours
60%
heure
58%
demeure
57%
joie
57%
après
56%
passe
56%
passé
56%
peine
56%
si
56%
Comme
54%
comme
54%
venait
54%
dans
51%
Ni
51%
temps
51%
eau
49%
bras
43%
cette
43%
reviennent
43%
Tandis
43%
lasse
42%
onde
42%
face
40%
Passent
40%
passent
40%
semaines
40%
Espérance
38%
lente
38%
mains
38%
violente
38%
restons
37%
Ă©ternels
36%
courante
33%
regards
29%

Distribution des résultats

Percentile par nombre de réponses

% des personnes avec chaque résultat

Votre développement - résultats

Vous n’avez pas pris ce quiz